=LDR 00000nam 2200000 4500 =001 INLIS000000000031609 =005 20130612133654 =008 ***********************************ind** =035 ##$$0010-061300000031609 =041 ##$$a ind =082 ##$$a F Rom K =090 ##$$a F Rom K, Akb, d =100 ##$$a AKBAR, Rasyid =245 ##$$a Dongeng Pengantar Tidur # 4 , Kis-Kis Ahirnya Kapok , Rasyit Akbar;Penyunting,Dana Anggara =260 ##$$a 2008 $b Jakarta =300 ##$$a 28 hlm. , Illus. , 21 cm =650 ##$$a FIKSI KANAK-KANAK =700 ##$$a ANGGARA,Dana =850 ##$$a NBPNMAT =990 ##$$a 21601338/BPAP-NTB/2017